MARC details
| 000 -LÍDER |
| campo de controle de tamanho fixo |
01336nam a22003137a 4500 |
| 001 - NÚMERO DE CONTROLE |
| campo de controle |
283 |
| 003 - IDENTIFICADOR DO NÚMERO DE CONTROLE |
| campo de controle |
OSt |
| 005 - DATA E HORÁRIO DA ÚLTIMA TRANSAÇÃO |
| campo de controle |
20250528074017.0 |
| 008 - CAMPO DE DADOS FIXOS--INFORMAÇÃO GERAL |
| campo de controle de tamanho fixo |
250317b |||||||e |||| 00| f eng d |
| 040 ## - FONTE DA CATALOGAÇÃO |
| Idioma da catalogação |
por |
| 041 ## - CÓDIGO DE IDIOMA |
| Código do idioma do original e/ou traduções intermediárias do texto |
eng |
| Código do idioma do texto/trilha sonora ou título diferente |
por |
| 082 ## - CDD - CLASSIFICAÇÃO DECIMAL DE DEWEY |
| Número de Classificação |
823 |
| Número do exemplar |
F459t |
| 100 ## - ENTRADA PRINCIPAL--NOME PESSOAL |
| Nome pessoal |
Fielding, Henry |
| Datas associadas ao nome |
1707- 1754 |
| 9 (RLIN) |
522 |
| 240 ## - TÍTULO UNIFORME |
| Título uniforme |
The History of Tom Jones, a Foundling |
| 245 ## - TÍTULO |
| Título |
Tom Jones / |
| Indicação de responsabilidade, etc. |
Fielding, Henry; Tradução de Octávio Mendes Cajado |
| 260 ## - PUBLICAÇÃO, DISTRIBUIÇÃO, ETC. |
| Local de publicação, distribuição, etc. |
São Paulo |
| Nome do editor, distribuidor, etc. |
Abril |
| Data da publicação, distribuição, etc. |
1971 |
| 300 ## - DESCRIÇÃO FÍSICA |
| Extensão |
614 p. |
| 490 1# - TÍTULO DA SÉRIE |
| Título da série |
Os Imortais da Literatura Universal |
| 520 ## - NOTA DE RESUMO, ETC. |
| Resumo, etc. |
Este romance conta a história de um enjeitado criado por uma família da nobreza rural que se torna um jovem de grande fascínio pessoal e que atrai a paixão de diversas mulheres. Mas torna-se vítima das mais variadas formas de preconceito e desperta, em muitos, a inveja e o ciúme. Sua verdadeira origem é revelada no final, após profunda análise do cotidiano inglês de meados do século XVIII.<br/> |
| 650 #0 - ASSUNTO--TERMO TÓPICO |
| Cabeçalho tópico ou nome geográfico |
Literatura Inglesa |
| 9 (RLIN) |
89 |
| 650 #0 - ASSUNTO--TERMO TÓPICO |
| Cabeçalho tópico ou nome geográfico |
Clássicos |
| 9 (RLIN) |
77 |
| 650 #0 - ASSUNTO--TERMO TÓPICO |
| Cabeçalho tópico ou nome geográfico |
Crítica social |
| 9 (RLIN) |
514 |
| 650 #0 - ASSUNTO--TERMO TÓPICO |
| Cabeçalho tópico ou nome geográfico |
Moralidade e hipocrisia |
| 9 (RLIN) |
524 |
| 655 #0 - TERMO DE ÍNDICE--GÊNERO E FORMA |
| Gênero/forma/ou termo foco |
Romance |
| 655 #0 - TERMO DE ÍNDICE--GÊNERO E FORMA |
| Gênero/forma/ou termo foco |
Ficção |
| 700 1# - ENTRADA ADICIONADA - NOME PESSOAL |
| Nome pessoal |
Cajado, Octávio Mendes, |
| Datas associadas ao nome |
1915- |
| Função do autor por extenso |
TRADUTOR |
| 9 (RLIN) |
525 |
| 830 ## - ENTRADA SECUNDÁRIA DE SÉRIE--TÍTULO UNIFORME |
| Título uniforme |
Os Imortais da Literatura Universal |
| 9 (RLIN) |
461 |
| Número do volume ou designação sequencial da série |
vol. 9 |
| 942 ## - ELEMENTOS DE ENTRADA ADICIONADOS (KOHA) |
| Fonte de classificação ou esquema de arquivamento |
Classificação decimal de Dewey |
| Ocultar no OPAC |
Não |
| Tipo de material Koha |
Livros |